| 000 | 00803nam a2200205 a 4500 | ||
|---|---|---|---|
| 003 | 0 | ||
| 005 | 20250411145520.0 | ||
| 008 | 970101s19uu xx 00 eng d | ||
| 050 |
_aPGS D 810.W7 _b.M186 2004 |
||
| 100 | _aMaezono, Sakura Eri B. | ||
| 245 |
_aA study on the experience of world war II (1941-1945) veterans / _cSakura Eri B. Maezono. |
||
| 260 |
_aLas PiƱas City, Philippines : _bSouthville International School and Colleges, _c2004. |
||
| 300 |
_a25 pages : _bcolored illustrations ; _c28 cm. |
||
| 504 | _aIncludes bibliographical references. | ||
| 650 |
_aWorld War, 1939-1945 _vVeterans _vPersonal narratives. |
||
| 650 |
_aWorld War II _vPsychological aspects. |
||
| 650 |
_aVeterans _vSocial conditions. |
||
| 650 |
_aPost-traumatic stress disorder _vVeterans. |
||
| 942 |
_2lcc _cPASS |
||
| 999 |
_c97016 _d97016 |
||